| 000 | 00445nam a2200181Ia 4500 | ||
|---|---|---|---|
| 001 | 10945 | ||
| 005 | 20260306161909.0 | ||
| 008 | 260306t1995||||xx |||||||||||||| ||spa|| | ||
| 041 | _aESP | ||
| 082 |
_a983.009 _bH21 |
||
| 100 |
_aHanisch Espíndola, Walter _eAUT |
||
| 245 | 0 | _aJaime Eyzaguirre historia y pensamiento | |
| 260 | _c1995 | ||
| 300 |
_a244 páginas : _c18 cm. |
||
| 650 | _aGEN | ||
| 654 | _aCHU | ||
| 942 |
_cLIB _dJUS _fJUS _2ddc _n |
||
| 999 |
_c10945 _d10945 |
||